Entry Personal Name
Number of records used in: 1
001 - CONTROL NUMBER
003 - CONTROL NUMBER IDENTIFIER
005 - DATE AND TIME OF LATEST TRANSACTION
- control field:
20221115101603.0
008 - FIXED-LENGTH DATA ELEMENTS
- fixed length control field:
800710n| azannaabn |a aaa
010 ## - LIBRARY OF CONGRESS CONTROL NUMBER
- LC control number:
n 80040423
035 ## - SYSTEM CONTROL NUMBER
- System control number:
(OCoLC)oca00422492
040 ## - CATALOGING SOURCE
- Original cataloging agency:
DLC
- Language of cataloging:
eng
- Description conventions:
rda
- Transcribing agency:
DLC
- Modifying agency:
DLC
- Modifying agency:
OClW
- Modifying agency:
DLC
046 ## - SPECIAL CODED DATES
100 1# - HEADING--PERSONAL NAME
- Personal name:
Deitel, Harvey M.,
- Dates associated with a name:
1945-
400 1# - SEE FROM TRACING--PERSONAL NAME
- Personal name:
Deitel, H. M.
- Fuller form of name:
(Harvey M.),
- Dates associated with a name:
1945-
670 ## - SOURCE DATA FOUND
- Source citation:
His Introduction to computer programming ... 1977.
670 ## - SOURCE DATA FOUND
- Source citation:
His The design of OS/2, 1991:
- Information found:
CIP t.p. (H.M. Deitel, Nova Univ.)
670 ## - SOURCE DATA FOUND
- Source citation:
Web services, c2003:
- Information found:
t.p. (H.M. Deitel; Deitel & Assoc., Inc.) p. vii (Harvey Deitel) p. 4 of cover (Dr. Harvey M. Deitel; co-founder of Deitel & Associates, Inc., an IT content-creation and corporate-training organization)
670 ## - SOURCE DATA FOUND
- Source citation:
Information from 678 converted Dec. 18, 2014
- Information found:
(M.S., computer systems, Mass. Inst. of Technology)